| 000 | 00516nam a2200169Ia 4500 | ||
|---|---|---|---|
| 003 | IN-BaIIA | ||
| 008 | 211028s9999 xx 000 0 eng d | ||
| 040 | _cIIA Library | ||
| 080 |
_a52 _bFLA |
||
| 100 |
_aFlammarion, Gabrielle Camille _94285 |
||
| 245 | 4 |
_aThe Flammarion book of astronomy _c Gabrielle Camille Flammarion |
|
| 260 |
_aLondon _bGeorge Allen & Unwin _c1964 |
||
| 300 | _a670p. | ||
| 650 |
_aAstronomy _980 |
||
| 650 | _aAstronomy and astrophysics thesaurus | ||
| 942 | _cBK | ||
| 999 |
_c2392 _d2392 |
||